01662cam a22004214i 4500003000900000005001700009008004100026020001500067020001800082035002000100040004800120082002100168100002800189245012600217264002800343300005600371336002100427337002500448338002300473490004300496504003900539504003300578505040300611526001001014526001001024526001001034526001001044526000801054526000801062526000801070526000801078526000801086526000801094526000801102630004201110650006101152650002701213PE-LiUPU20250731173114.0190313s2018 ne a rb 001 0 eng d a9004358412 a9789004358416 a(Sirsi) a251950 aPE-LiUPUbspacPE-LiUPUerdadPE-LiUPUerda04a227.066bV282231 aVan Nes, Jermo,eautor.10aPauline language and the Pastoral Epistles :ba study of linguistic variation in the Corpus Paulinum /cby Jermo van Nes. 1aLeiden :bBrill,c2018. a532 páginas :bilustraciones ;c23 centímetros. atext2rdacontent aunmediated2rdamedia avolume2rdacarrier0 aLinguistic biblical studies ;vVol. 16 aBibliografía: páginas 480-518. aÍndice: páginas 519-532.0 aThe linguistic problem of the pastoral epistles -- Origins of the problem: Founding figures -- Constituents of the problem: Linguistic peculiarities -- Solutions to the problem: Authorship Hypotheses -- The linguistic problem of the pastoral epistles reconsidered -- Approaching the problem: Methodological considerations -- Pauline vocabulary: New perspectives -- Pauline syntax: New perspectives. aSEG42 aSEG41 aSEG40 aSEG39 aP94 aP87 aP86 aP85 aP77 aP76 aP35 aBiblia.pEpístola de Pablox2 fast.04aReligiónxEstudios biblicosNuevo Testamento2 bisacsh04aEpístolas pastorales